| 000 | 00653nam a2200205Ia 4500 | ||
|---|---|---|---|
| 003 | GCL | ||
| 008 | 140319s9999 xx 000 0 ara d | ||
| 040 |
_aGCL / _cGCL |
||
| 082 | 0 | 4 |
_a247.8 _bهـ ش |
| 100 | 1 | _aهنرى كوربان | |
| 245 | 1 | 0 |
_aالشيعة الاثنا عشرية / _cهنرى كوربان |
| 700 | 1 | _aدوقان قرقوط | |
| 260 |
_a[S.N] : _bمكتبة مدبولى ، _c1993 |
||
| 300 | _a292 ص | ||
| 490 |
_aفى الاسلام الايرانى جوانب روحية وفلسفية _v0 |
||
| 650 | 0 | 4 | _aالفرق الاسلامية |
| 650 | 0 | 4 | _aالشيعة |
| 650 | 0 | 4 | _aالاثنا عشرية |
| 942 |
_2ddc _cBK |
||
| 999 |
_c42845 _d42845 |
||